Visualizzazione normale
Vista MARC
- Villa Claudio
di Personal Name
Records bibliografici associati: 1
001 - CONTROL NUMBER
- control field: 11719
003 - CONTROL NUMBER IDENTIFIER
- control field: IT-RoPau
005 - DATE AND TIME OF LATEST TRANSACTION
- control field: 20140201112616.0
008 - FIXED-LENGTH DATA ELEMENTS
- fixed length control field: 140201|| aca||aabn | a|a d
040 ## - CATALOGING SOURCE
- Original cataloging agency: IT-RoPau
- Transcribing agency: IT-RoPau
100 ## - HEADING--PERSONAL NAME
- Personal name: Villa Claudio
- Miscellaneous information: Codice interprete SPICS: 1155
- Relator term: Interprete
670 ## - SOURCE DATA FOUND
- Source citation: Work cat.: (IT-RoPau)99561: AA.VV. 794, Claudio Villa-Parlami d'amore Mariù